000 00966nam a2200301 i 4500
001 000026057
003 DO-SdBNP
005 20250718115242.0
007 ta
008 110228s1982 dr 000 0 spa d
040 _aDO-SdBNP
_bspa
_cBNPHU
_erda
041 _aspa
082 _axxx
_bA384r2
_222
100 1 _aAlexis, Jacques Stephen,
_d1922-1961
_927794
_eautor
_4aut.
240 1 0 _aRomancero aux étoiles
245 1 0 _aRomancero de las estrellas /
_cJacques Stephen Alexis; traducción Idea Vilariño.
250 _aSegunda edición en español
264 1 _aSanto Domingo :
_bEditora Taller,
_c1982.
300 _a164 páginas ;
_c20 cm.
336 _atexto
_btxt
_2rdacontent
337 _asin mediación
_bn
_2rdamedia
338 _avolumen
_bnc
_2rdacarrier
490 1 _aBiblioteca Taller
_v138
500 _aIncluye datos biografícos del autor en la contraportada.
590 _aInventariado, 2025/ YL
910 _aYLockward
942 _2ddc
_cLBS1
999 _c25549
_d25549